[Event "10th LCC FIDE Open 2018"]
[Site "London"]
[Date "2018.12.15"]
[Round "7"]
[White "Keely, Leo A"]
[Black "Dougan Maho, Harold"]
[Result "1-0"]
[WhiteElo "1964"]
[BlackElo "2204"]
[Annotator "NA"]
[PlyCount "101"]
[EventDate "2018.12.09"]
[EventType "swiss"]
[EventCountry "ENG"]
[SourceTitle "playchess.com"]
[Source "ChessBase"]
[SourceQuality "1"]
[TimeControl "40/5400+30:1800+30"]

1. e4 {[%emt 0:00:00]} Nf6 {[%emt 0:00:00]} 2. e5 {[%emt 0:00:29]} Nd5 {[%emt 0:00:00]} 3. Nc3 {[%emt 0:00:19]} Nxc3 {[%emt 0:00:41]} 4. dxc3 {[%emt 0:02:53]} d5 {[%emt 0:00:09]} 5. Nf3 {[%emt 0:01:09]} Bg4 {[%emt 0:02:39] B02: Alekhine's Defence: Chase Variation and lines with early Nc3} (5... c5 6. Bf4 Nc6 7. c4 e6 8. Qd2 Be7 9. Bd3 h6 10. h4 a6 11. h5 Nb4 12. Be2 dxc4 13. Bxc4 b5 {½-½ (24) Diogo,V (2290)-Spraggett,K (2606) Figueira da Foz 2009}) 6. h3 {[%emt 0:00:42]} Bh5 {[%emt 0:01:27]} 7. e6 $146 {[%emt 0:01:44]} ({Predecessor:} 7. g4 Bg6 8. e6 Qd6 9. exf7+ Bxf7 10. Qd4 Nd7 11. Bf4 Qe6+ 12. Ne5 g5 13. O-O-O Bg7 {0-1 (13) Lamas Mercadal,M (2188)-Garza Marco,S (2403) Zaragoza 2011}) 7... fxe6 {[%emt 0:03:19]} 8. g4 {[%emt 0:01:08]} Bf7 {[%emt 0:06:08]} 9. Ne5 {[%emt 0:01:36]} Bg8 {[%emt 0:01:03]} 10. Bb5+ {[%emt 0:01:06]} c6 {[%emt 0:01:34]} 11. Bd3 {[%emt 0:00:06]} Nd7 {[%emt 0:05:13]} 12. Bf4 {[%emt 0:01:50]} g5 {[%emt 0:05:59]} 13. Bg3 {[%emt 0:05:07]} Bg7 {[%emt 0:04:19]} 14. Qe2 {[%emt 0:00:17]} Qb6 {[%emt 0:08:06]} 15. O-O-O {[%emt 0:00:41]} O-O-O {[%emt 0:02:02]} 16. Rhe1 {[%emt 0:01:55]} Nc5 {[%emt 0:16:08]} 17. Qd2 {[%emt 0:15:01]} Bf6 {[%emt 0:02:38]} 18. f3 {[%emt 0:03:31]} Nxd3+ {[%emt 0:11:31]} 19. Qxd3 {[%emt 0:02:14]} h5 {[%emt 0:04:24]} 20. Qe2 {[%emt 0:00:46]} hxg4 {[%emt 0:02:51]} 21. hxg4 {[%emt 0:00:54]} Rh3 {[%emt 0:01:43]} 22. Bf2 {[%emt 0:00:08]} Qa5 {[%emt 0:02:37]} 23. Kb1 {[%emt 0:00:20]} Rh2 {[%emt 0:03:16]} 24. Nd3 $17 {[%emt 0:02:40]} (24. Qf1 $1 $11 {remains equal.}) 24... Qb5 {[%emt 0:03:22]} 25. Qe3 {[%emt 0:02:26]} b6 {[%emt 0:04:09]} 26. Rh1 {[%emt 0:07:37]} d4 {[%emt 0:03:47]} 27. Qe4 {[%emt 0:03:54]} Rxh1 {[%emt 0:00:29]} 28. Rxh1 {[%emt 0:00:05]} dxc3 {[%emt 0:00:09]} 29. b3 {[%emt 0:01:22]} Qd5 {[%emt 0:01:02]} 30. Qa4 {[%emt 0:01:47]} Qxf3 {[%emt 0:00:35]} 31. Qa6+ {[%emt 0:03:10]} Kb8 {[%emt 0:00:41]} 32. Rc1 {[%emt 0:05:13]} Bh7 {[%emt 0:00:56]} 33. Bxb6 {[%emt 0:02:32]} axb6 {[%emt 0:00:37]} 34. Qxb6+ {[%emt 0:00:07]} Kc8 {[%emt 0:00:34]} 35. Nc5 {[%emt 0:01:21]} Bxc2+ {[%emt 0:01:33]} 36. Ka1 {[%emt 0:00:05]} Rd7 {[%emt 0:01:20]} 37. Qa6+ {[%emt 0:01:24]} Kc7 {[%emt 0:00:49]} 38. Qa7+ {[%emt 0:07:51]} Kd6 {[%emt 0:00:07]} 39. Nxd7 {[%emt 0:00:17]} Bg7 {[%emt 0:00:40]} 40. Nb6 {[%emt 0:01:58]} Qf4 {[%emt 0:00:51]} 41. Qb8+ {[%emt 0:31:55]} Kc5 {[%emt 0:02:20]} 42. Qxf4 {[%emt 0:00:00]} gxf4 {[%emt 0:00:30]} 43. Na4+ {[%emt 0:00:00]} Kd4 {[%emt 0:01:19]} 44. Rxc2 {[%emt 0:00:00]} Kd3 {[%emt 0:00:14]} 45. Kb1 {[%emt 0:00:00]} Bd4 {[%emt 0:01:02]} 46. b4 {[%emt 0:00:00]} e5 {[%emt 0:06:07]} 47. Nc5+ {[%emt 0:00:00]} Ke3 {[%emt 0:00:33]} 48. Ne6 {[%emt 0:00:00]} f3 {[%emt 0:01:30]} 49. g5 {[%emt 0:00:00]} e4 {[%emt 0:06:00]} 50. g6 {[%emt 0:00:00]} Bf6 {[%emt 0:15:16]} 51. g7 {[%emt 0:00:34]} 1-0

[Event "10th LCC FIDE Open 2018"]
[Site "London"]
[Date "2018.12.15"]
[Round "7"]
[White "Penna, Tommaso"]
[Black "Laustsen, Lars"]
[Result "1-0"]
[WhiteElo "1963"]
[BlackElo "2186"]
[Annotator "NA"]
[PlyCount "69"]
[EventDate "2018.12.09"]
[EventType "swiss"]
[EventCountry "ENG"]
[SourceTitle "playchess.com"]
[Source "ChessBase"]
[SourceQuality "1"]
[TimeControl "40/5400+30:1800+30"]

1. d4 {[%emt 0:04:51]} d5 {[%emt 0:00:00]} 2. c4 {[%emt 0:00:04]} c6 {[%emt 0:00:00]} 3. Nf3 {[%emt 0:00:03]} Nf6 {[%emt 0:00:00]} 4. Nc3 {[%emt 0:00:03]} dxc4 {[%emt 0:00:00]} 5. a4 {[%emt 0:00:04]} Bf5 {[%emt 0:00:00]} 6. e3 {[%emt 0:00:03]} e6 {[%emt 0:00:02]} 7. Bxc4 {[%emt 0:00:03]} Bb4 {[%emt 0:00:05]} 8. O-O {[%emt 0:00:04]} Nbd7 {[%emt 0:00:14]} 9. Qe2 {[%emt 0:00:04]} Bg6 {[%emt 0:00:08]} 10. e4 {[%emt 0:00:04]} O-O {[%emt 0:00:07]} 11. Bd3 {[%emt 0:00:08]} Bh5 {[%emt 0:00:06]} 12. e5 {[%emt 0:00:11]} Nd5 {[%emt 0:00:09]} 13. Nxd5 {[%emt 0:00:03]} cxd5 {[%emt 0:00:05]} 14. Qe3 {[%emt 0:00:07]} Re8 {[%emt 0:00:11]} 15. Ng5 {[%emt 0:00:34]} Bg6 {[%emt 0:00:06]} 16. Bxg6 {[%emt 0:00:08]} fxg6 {[%emt 0:00:05]} 17. a5 {[%emt 0:00:06]} Bxa5 {[%emt 0:08:21]} 18. Qf3 {[%emt 0:02:23]} Re7 {[%emt 0:01:04]} 19. Nxe6 {[%emt 0:08:44]} Rxe6 {[%emt 0:07:53]} 20. Qxd5 {[%emt 0:00:07]} Nf8 {[%emt 0:00:02]} 21. Rxa5 {[%emt 0:06:08]} a6 {[%emt 0:04:42]} 22. Bd2 {[%emt 0:12:33]} b6 {[%emt 0:09:59]} 23. Qxd8 {[%emt 0:02:21]} Rxd8 {[%emt 0:00:04]} 24. Rxa6 {[%emt 0:00:17]} Rxd4 {[%emt 0:04:40]} 25. Bc3 {[%emt 0:00:17]} Rd8 {[%emt 0:11:46]} 26. f4 {[%emt 0:05:34]} Nd7 {[%emt 0:00:32]} 27. Rd1 {[%emt 0:02:33]} Kf7 {[%emt 0:01:38]} 28. Ra7 {[%emt 0:05:20]} Ke8 {[%emt 0:01:39]} 29. Kf2 {[%emt 0:05:41]} h5 {[%emt 0:02:34]} 30. Kg3 {[%emt 0:08:43]} Rc6 {[%emt 0:09:08]} 31. Kh4 {[%emt 0:07:02]} Rc4 {[%emt 0:03:37]} 32. Kg5 {[%emt 0:08:14]} Nf8 {[%emt 0:01:17]} 33. Rxd8+ {[%emt 0:00:31]} Kxd8 {[%emt 0:00:05]} 34. g3 {[%emt 0:01:15]} Rc6 {[%emt 0:02:14]} 35. Ra8+ {[%emt 0:03:58]} 1-0

[Event "10th LCC FIDE Open 2018"]
[Site "London"]
[Date "2018.12.15"]
[Round "7"]
[White "Rogacewicz, Mikolaj"]
[Black "Brooks, Phil J"]
[Result "0-1"]
[WhiteElo "1925"]
[BlackElo "2184"]
[Annotator "NA"]
[PlyCount "66"]
[EventDate "2018.12.09"]
[EventType "swiss"]
[EventCountry "ENG"]
[SourceTitle "playchess.com"]
[Source "ChessBase"]
[SourceQuality "1"]
[TimeControl "40/5400+30:1800+30"]

1. d4 {[%emt 0:00:00]} e6 {[%emt 0:00:00]} 2. c4 {[%emt 0:01:03]} d5 {[%emt 0:00:00]} 3. Nf3 {[%emt 0:00:15]} Nf6 {[%emt 0:00:05]} 4. g3 {[%emt 0:00:15]} dxc4 {[%emt 0:00:26]} 5. Bg2 {[%emt 0:01:09]} Bb4+ {[%emt 0:01:32]} 6. Bd2 {[%emt 0:04:21]} a5 {[%emt 0:00:13]} 7. O-O {[%emt 0:03:07]} Nc6 {[%emt 0:02:31]} 8. e3 {[%emt 0:13:37]} Nd5 {[%emt 0:20:32] E11: Bogo-Indian} 9. Nc3 $146 {[%emt 0:26:28]} ({Predecessor:} 9. Qc1 Nb6 10. Bxb4 axb4 11. Nbd2 Na5 12. Ne5 Bd7 13. a3 c3 14. bxc3 bxc3 15. Qxc3 O-O 16. Rfc1 {½-½ (26) Maletin,P (2584)-Aleksandrov,A (2604) Mumbai 2010}) 9... Nb6 {[%emt 0:01:06]} 10. Qe2 {[%emt 0:03:34]} O-O {[%emt 0:00:15]} 11. Rad1 {[%emt 0:01:35]} Qe7 {[%emt 0:08:04]} 12. e4 {[%emt 0:02:39]} e5 {[%emt 0:03:22]} 13. d5 {[%emt 0:05:55]} Nd4 {[%emt 0:00:56]} 14. Nxd4 {[%emt 0:01:42]} exd4 {[%emt 0:00:05]} 15. Nb5 {[%emt 0:00:38]} d3 {[%emt 0:03:12]} 16. Qe3 {[%emt 0:04:15]} Bc5 {[%emt 0:06:43]} 17. Qf4 {[%emt 0:01:40]} Bd7 {[%emt 0:00:43]} 18. Nxc7 {[%emt 0:05:53]} Bd6 {[%emt 0:04:15]} 19. e5 {[%emt 0:00:26]} Bxe5 {[%emt 0:00:52]} 20. Qe3 {[%emt 0:00:51]} Rac8 {[%emt 0:02:18]} 21. Bc3 {[%emt 0:01:59]} f6 {[%emt 0:04:03]} 22. Qxb6 {[%emt 0:04:08]} Bxc7 {[%emt 0:00:44]} 23. Qxb7 $19 {[%emt 0:03:45]} (23. d6 $1 $15 Qxd6 24. Qxd6 Bxd6 25. Bxb7) 23... Qd6 {[%emt 0:07:52]} 24. Bd4 {[%emt 0:00:13]} Ra8 {[%emt 0:01:37]} 25. Ba7 {[%emt 0:00:16]} Rfb8 {[%emt 0:00:55]} 26. Bxb8 {[%emt 0:02:57]} Rxb8 {[%emt 0:00:06]} 27. Qa7 {[%emt 0:02:17]} Bb6 {[%emt 0:00:08]} 28. Qxb8+ {[%emt 0:00:37]} Qxb8 {[%emt 0:00:04]} 29. Rd2 {[%emt 0:02:41]} Qe5 {[%emt 0:07:25]} 30. Rc1 {[%emt 0:01:21]} Qd4 {[%emt 0:00:51]} 31. Re1 {[%emt 0:03:03]} Bf5 {[%emt 0:03:55]} 32. h3 {[%emt 0:01:58]} a4 {[%emt 0:00:14]} 33. Re8+ {[%emt 0:00:00]} Kf7 {[%emt 0:00:00]} 0-1

[Event "10th LCC FIDE Open 2018"]
[Site "London"]
[Date "2018.12.15"]
[Round "7"]
[White "Rushbrooke, Remy"]
[Black "Czopor, Maciej"]
[Result "0-1"]
[WhiteElo "1909"]
[BlackElo "2164"]
[Annotator "NA"]
[PlyCount "102"]
[EventDate "2018.12.09"]
[EventType "swiss"]
[EventCountry "ENG"]
[SourceTitle "playchess.com"]
[Source "ChessBase"]
[SourceQuality "1"]
[TimeControl "40/5400+30:1800+30"]

1. d4 {[%emt 0:00:00]} Nf6 {[%emt 0:00:53]} 2. Bg5 {[%emt 0:00:11]} d5 {[%emt 0:01:54]} 3. Bxf6 {[%emt 0:00:13]} gxf6 {[%emt 0:00:09]} 4. e3 {[%emt 0:00:14]} c5 {[%emt 0:03:04]} 5. dxc5 {[%emt 0:12:48]} e6 {[%emt 0:06:46]} 6. Qh5 {[%emt 0:06:36]} Bxc5 {[%emt 0:08:25]} 7. Nc3 {[%emt 0:03:16]} f5 {[%emt 0:17:37]} 8. O-O-O {[%emt 0:10:25]} Qe7 {[%emt 0:04:56]} 9. Nf3 {[%emt 0:06:38]} Nc6 {[%emt 0:01:31]} 10. Nd4 {[%emt 0:06:16]} Nxd4 {[%emt 0:13:47]} 11. exd4 {[%emt 0:00:05]} Bb4 {[%emt 0:00:24]} 12. Qf3 {[%emt 0:12:48]} Bd7 {[%emt 0:02:06]} 13. Ne2 {[%emt 0:18:47]} O-O-O {[%emt 0:12:50]} 14. Nf4 {[%emt 0:02:55]} Kb8 {[%emt 0:01:16]} 15. Kb1 {[%emt 0:02:20]} Bd6 {[%emt 0:00:37]} 16. h4 {[%emt 0:05:18]} Rc8 {[%emt 0:03:06]} 17. Bd3 {[%emt 0:01:46]} Bc6 {[%emt 0:01:16]} 18. g3 {[%emt 0:01:18]} Qd7 {[%emt 0:03:03]} 19. Qe2 {[%emt 0:02:17]} Qc7 {[%emt 0:01:07]} 20. Qd2 {[%emt 0:01:04]} Qb6 {[%emt 0:00:33]} 21. c3 {[%emt 0:01:22]} Qc7 {[%emt 0:04:02]} 22. Rhg1 {[%emt 0:00:32]} Bd7 {[%emt 0:01:32]} 23. Rde1 {[%emt 0:00:27]} b5 {[%emt 0:00:44]} 24. Rc1 {[%emt 0:00:41]} a5 {[%emt 0:00:48]} 25. Qe2 {[%emt 0:00:30]} Qb6 {[%emt 0:00:23]} 26. Qh5 {[%emt 0:00:26]} Be8 {[%emt 0:01:01]} 27. Qh6 {[%emt 0:00:37]} Qc7 {[%emt 0:02:09]} 28. Nxe6 {[%emt 0:01:14]} fxe6 {[%emt 0:00:44]} 29. Qxe6 {[%emt 0:00:02]} Bc6 {[%emt 0:01:47]} 30. Bxf5 {[%emt 0:00:42]} Rhf8 {[%emt 0:02:42]} 31. Bd3 {[%emt 0:01:43]} Rxf2 {[%emt 0:01:09]} 32. Rcf1 {[%emt 0:00:02]} Bxg3 {[%emt 0:02:14]} 33. Rxf2 {[%emt 0:00:04]} Bxf2 {[%emt 0:00:05]} 34. Rf1 {[%emt 0:00:02]} Bxh4 {[%emt 0:01:20]} 35. Rf7 {[%emt 0:00:05]} Qg3 {[%emt 0:00:50]} 36. Bxb5 {[%emt 0:01:13]} Qg6+ {[%emt 0:00:19]} 37. Qxg6 {[%emt 0:00:39]} hxg6 {[%emt 0:00:06]} 38. Bxc6 {[%emt 0:00:08]} Rxc6 {[%emt 0:00:03]} 39. Rd7 {[%emt 0:00:06]} g5 {[%emt 0:00:46]} 40. Rxd5 {[%emt 0:00:05]} Rg6 {[%emt 0:00:30]} 41. Rd8+ {[%emt 0:30:49]} Kc7 {[%emt 0:30:21]} 42. Rh8 {[%emt 0:00:03]} Bf2 {[%emt 0:00:07]} 43. Rh2 {[%emt 0:00:13]} Be3 {[%emt 0:00:44]} 44. Kc2 {[%emt 0:00:04]} g4 {[%emt 0:00:00]} 45. Kd3 {[%emt 0:00:00]} g3 {[%emt 0:00:00]} 46. Rg2 {[%emt 0:00:00]} Bf2 {[%emt 0:00:00]} 47. Ke2 {[%emt 0:00:00]} Re6+ {[%emt 0:00:00]} 48. Kf3 {[%emt 0:00:00]} Re3+ {[%emt 0:00:00]} 49. Kf4 {[%emt 0:00:00]} Re2 {[%emt 0:00:00]} 50. b4 {[%emt 0:00:00]} a4 {[%emt 0:00:00]} 51. c4 {[%emt 0:00:00]} Rxa2 {[%emt 0:00:00]} 0-1

[Event "10th LCC FIDE Open 2018"]
[Site "London"]
[Date "2018.12.15"]
[Round "8"]
[White "Melkumyan, Hrant"]
[Black "Gumularz, Szymon"]
[Result "1/2-1/2"]
[WhiteElo "2670"]
[BlackElo "2462"]
[Annotator "TA"]
[PlyCount "117"]
[EventDate "2018.12.09"]
[EventType "swiss"]
[EventCountry "ENG"]
[SourceTitle "playchess.com"]
[Source "ChessBase"]
[SourceQuality "1"]

{[%evp 23,117,8,11,8,7,6,13,6,10,0,17,0,49,3,28,0,76,58,70,40,41,38,39,31,39,39,34,29,53,53,59,59,59,59,60,60,74,76,72,0,65,65,65,65,76,64,56,45,40,8,21,8,8,8,13,8,45,8,8,8,8,0,44,0,18,8,10,21,20,0,15,0,0,0,0,0,13,0,0,0,0,0,8,0,0,0,0,0,0,0,0,-339,-333,-279,-268,-311]} 1. d4 Nf6 2. Nf3 e6 3. c4 d5 4. Nc3 Be7 5. Bf4 O-O 6. e3 Nbd7 7. c5 Nh5 8. Bd3 {D37: Queen's Gambit Declined: 5 Bf4} b6 9. b4 a5 10. a3 Nxf4 11. exf4 c6 12. O-O Ba6 {LiveBook: 18 Games} (12... Qc7 13. g3 Ba6 14. Kg2 Bxd3 15. Qxd3 Ra7 {1-0 (82) Vachier Lagrave,M (2789)-Karjakin,S (2782) Paris 2018}) 13. Bxa6 Rxa6 14. Qe2 Ra8 15. g3 Bf6 16. Ne5 Bxe5 17. fxe5 f5 $146 ({Predecessor:} 17... Ra7 18. Rfb1 Qe7 19. Kg2 Rfa8 20. Qb2 {½-½ (20) Davidov,D (2166)-Turowski,P (2141) ICCF email 2015}) 18. Rac1 b5 19. Qd2 g5 (19... f4 $11) 20. bxa5 $16 Rxa5 21. Na2 Ra4 22. Nb4 Nb8 23. Rc3 Rf7 {[%cal Bf8f7,Bf7g7,Bg7g6,Bg6g4][%mdl 32]} 24. Kg2 Rg7 25. Rh1 Raa7 26. h4 gxh4 27. Qh6 {[%mdl 64] Double Attack} Rg6 28. Qxh4 Qxh4 29. Rxh4 Rg4 30. Rh6 Rg6 31. Rh4 Rg4 32. Kh3 Rag7 33. Rd3 Rxh4+ 34. Kxh4 $14 {[%mdl 4096] Endgame KRN-KRN} Rg4+ 35. Kh3 Re4 36. Rd2 Re1 $1 37. Kg2 Ra1 38. Rd3 Kg7 39. Kf3 Kg6 40. Rb3 Kg5 $1 41. Ke2 h5 $1 42. Nd3 Nd7 43. Nb4 Nb8 44. Nc2 Rc1 $1 {[%cal Rc1c2]} 45. Kd2 Rf1 $1 {[%cal Rf1f2]} 46. Ke2 Rc1 $1 {[%cal Rc1c2]} 47. Rb2 f4 48. a4 fxg3 49. fxg3 Kg4 50. Kf2 Kf5 51. Kf3 Rf1+ 52. Ke2 Rc1 53. Kd2 Rg1 54. Rb3 Rg2+ 55. Kc1 Rg1+ 56. Kb2 Kg4 57. axb5 $2 {[%mdl 8192]} (57. Ne3+ $11 {and White is okay.} Kg5 58. Nc2 (58. axb5 Rxg3 59. b6 h4 $15)) 57... Rxg3 $19 58. Ne3+ {[#]} Kg5 $1 ({Not} 58... Kf4 $2 {[#]} 59. Nxd5+ $1 {[%mdl 512]} cxd5 60. Rxg3 $18) 59. Ra3 {[%mdl 32768] Accuracy: White = 53%, Black = 77%. . An unexpected result.} 1/2-1/2

[Event "10th LCC FIDE Open 2018"]
[Site "London"]
[Date "2018.12.15"]
[Round "8"]
[White "Bogner, Sebastian"]
[Black "Hebden, Mark L"]
[Result "1-0"]
[WhiteElo "2610"]
[BlackElo "2425"]
[Annotator "TA"]
[PlyCount "75"]
[EventDate "2018.12.09"]
[EventType "swiss"]
[EventCountry "ENG"]
[SourceTitle "playchess.com"]
[Source "ChessBase"]
[SourceQuality "1"]

{[%evp 24,75,66,27,48,54,49,36,39,39,45,56,80,82,104,112,116,118,129,94,129,102,100,89,146,74,97,93,82,77,165,165,170,151,339,331,339,329,543,627,571,550,1129,751,923,589,928,916,897,885,1201,1100,5610,5314]} 1. c4 g6 2. d4 Nf6 3. Nc3 Bg7 4. e4 d6 5. Nf3 O-O 6. Be2 e5 7. O-O Nc6 8. d5 Ne7 9. b4 a5 10. bxa5 c5 11. a4 Rxa5 {E97: King's Indian: Classical Main Line (6...e5 7 0-0 Nc6): 8 Be3 and 8 d5 Ne7, not 9 Ne1} 12. Ra3 Ra6 13. Nd2 {LiveBook: 14 Games} (13. Ne1 Nd7 14. Nd3 h6 15. f4 exf4 16. Nxf4 Ne5 17. Kh1 Kh7 18. Nb5 Ng8 19. Qc2 {1-0 (79) Topalov,V (2784)-Nakamura,H (2782) Bilbao 2014}) 13... Kh8 {White has an edge.} 14. Nb5 Ne8 15. Kh1 $146 ({Predecessor:} 15. Bb2 Ng8 16. f4 exf4 17. Bxg7+ Kxg7 18. Rxf4 Qe7 19. Qa1+ f6 20. h4 {0-1 (48) Kovalenko,I (2465)-Solovchuk,A (2291) Poltava 2009}) 15... f5 16. exf5 gxf5 17. f4 Ng6 18. fxe5 dxe5 19. Nb3 b6 20. a5 Rf7 21. axb6 Qxb6 22. Be3 $36 {[%mdl 2048] White is on the roll.} Bf8 23. Qa1 Nc7 ({Better is} 23... Rxa3 24. Qxa3 Nc7 25. Bxc5 (25. Nxc5 Nxb5 26. cxb5 f4 $16) 25... Bxc5 26. Qxc5 Qxc5 27. Nxc5 Nxb5) 24. Bg1 (24. Na5 $142) 24... Nxb5 25. cxb5 Rxa3 26. Qxa3 Ra7 (26... Nf4 $16 27. Bc4 Ra7) 27. Qb2 $18 Rc7 28. Nd2 {[%cal Bb3d2,Bd2c4,Bc4d6][%mdl 32]} Bg7 $2 {[#]} (28... Qf6 $16 {was called for.} 29. Nc4 Bb7) 29. Nc4 Qb7 30. Nd6 Qxd5 $2 (30... Qb6) 31. Rd1 {White is clearly winning.} Qa8 32. b6 Nf4 {[%csl Gf4][%cal Ra8g2] [#]} 33. Bf1 Rd7 34. Bxc5 Bb7 35. Ra1 Qb8 36. Nxb7 e4 37. Qb5 Rxb7 38. Ra7 {Accuracy: White = 65%, Black = 27%.} 1-0

[Event "10th LCC FIDE Open 2018"]
[Site "London"]
[Date "2018.12.15"]
[Round "8"]
[White "Cornette, Matthieu"]
[Black "Milliet, Sophie"]
[Result "1/2-1/2"]
[WhiteElo "2597"]
[BlackElo "2376"]
[Annotator "TA"]
[PlyCount "57"]
[EventDate "2018.12.09"]
[EventType "swiss"]
[EventCountry "ENG"]
[SourceTitle "playchess.com"]
[Source "ChessBase"]
[SourceQuality "1"]

{[%evp 19,57,24,22,19,62,30,58,41,50,52,50,32,28,32,34,32,46,0,0,0,68,77,78,79,111,0,12,-115,-124,-154,-152,-173,-126,-132,-110,-143,0,-106,0,-133]} 1. d4 Nf6 2. Nf3 g6 3. c4 Bg7 4. g3 O-O 5. Bg2 d6 6. O-O Nbd7 7. Nc3 e5 8. e4 c6 9. Be3 Ng4 10. Bg5 f6 {LiveBook: 12 Games. E68: King's Indian: Fianchetto: 6...Nbd7 7 0-0 e5 8 e4} 11. Bd2 (11. Bc1 exd4 12. Nxd4 Nc5 13. Rb1 a5 14. b3 f5 15. exf5 Qf6 16. Nce2 Bxf5 17. Nxf5 Qxf5 18. Ba3 Nxf2 19. Qxd6 {0-1 (77) Kovalenko,I (2656)-Kotronias,V (2565) Cappelle-la-Grande 2015}) 11... Nh6 12. Qc2 Qe7 {White has an edge.} 13. Rad1 $146 ({Predecessor:} 13. a3 exd4 14. Nxd4 Ne5 15. b3 Nef7 16. h3 f5 17. Be3 c5 18. Bxh6 Nxh6 {½-½ (37) Schulz,A-Bahn,D Germany 1999}) 13... Nb6 14. b3 Bg4 15. Be3 (15. h3 {is more complex.} Bxf3 16. Bxf3 exd4 17. Bxh6 Bxh6 18. Rxd4 Rae8 19. Rfd1) 15... exd4 16. Bxd4 f5 {White should prevent ...fxe4.} 17. Bxg7 Qxg7 18. Rxd6 {Threatens to win with Ng5.} fxe4 19. Ng5 e3 ({Black should try} 19... Nf5 $11 20. Ngxe4 Nxd6 21. Nxd6 Nc8) 20. fxe3 $14 Rxf1+ 21. Bxf1 Qe7 22. Nge4 ({White has to play} 22. Nce4 $16 {aiming for Nf6+.} Bf5 23. c5) 22... Rf8 23. Qd2 {[#]} (23. Bg2 $11) 23... Nd7 $1 $17 {[%mdl 1024] Black has strong compensation.} 24. c5 Ne5 {...Nf3+ is the strong threat.} 25. Be2 Bf3 26. Qd1 Nhg4 27. Qd2 Nh6 28. Qd1 $1 Nhg4 29. Qd2 $1 {Accuracy: White = 55%, Black = 49%.} 1/2-1/2

[Event "10th LCC FIDE Open 2018"]
[Site "London"]
[Date "2018.12.15"]
[Round "8"]
[White "Hawkins, Jonathan"]
[Black "Piesik, Piotr"]
[Result "1/2-1/2"]
[WhiteElo "2583"]
[BlackElo "2404"]
[Annotator "TA"]
[PlyCount "65"]
[EventDate "2018.12.09"]
[EventType "swiss"]
[EventCountry "ENG"]
[SourceTitle "playchess.com"]
[Source "ChessBase"]
[SourceQuality "1"]

{[%evp 16,65,35,27,26,10,23,17,18,12,29,25,24,8,32,12,13,14,36,37,32,8,0,-26,-20,-20,-18,-27,-14,-18,-18,-29,-29,-29,-29,-33,-37,-64,-67,-82,-75,-102,-95,-204,-35,-36,0,-195,0,-36,0,-201]} 1. e4 e6 2. d4 d5 3. exd5 exd5 4. Nf3 Nf6 5. Bd3 Bd6 6. Qe2+ Qe7 7. Qxe7+ Bxe7 8. Bf4 {C01: French: Exchange Variation} c6 9. O-O {LiveBook: 11 Games} Nh5 (9... O-O 10. Re1 Re8 11. Nbd2 Bg4 12. Ne5 Be6 13. Nb3 a5 14. Nc5 Bxc5 15. dxc5 Nbd7 16. Nxd7 Bxd7 {1-0 (33) Carlsen,M (2838)-Meier,G (2630) chess.com INT 2017}) 10. Bd2 {White has an edge.} O-O $146 ({Predecessor:} 10... Be6 11. Ne5 Nd7 12. f4 f6 13. f5 fxe5 14. fxe6 Nf8 15. dxe5 g6 {1-0 (47) Kevlishvili,R (2451)-Uruci,E (2190) Skopje 2018}) 11. Re1 Bd6 12. g3 g6 13. Bh6 Ng7 14. Kg2 Bg4 15. Nh4 Be6 16. f4 Nd7 {[%cal Bb8d7,Bd7f6,Bf6e4][%mdl 32] [#]} 17. f5 $1 {[%mdl 512]} gxf5 (17... Bxf5 18. Bxg7) 18. Rf1 Rfe8 19. Bg5 Be7 20. Bxe7 Rxe7 21. Nc3 {[%cal Bb1c3,Bc3d1,Bd1e3][%mdl 32]} Nf6 22. Rae1 Ne4 23. Nd1 Rae8 $36 {[%mdl 2048] Black has good play.} 24. Ne3 {[%cal Rh4f5]} Nd6 25. Kg1 {[%cal Re3f5]} Bd7 26. Nhg2 Nh5 27. Rf3 Nf6 28. Ref1 {[%cal Rd3f5]} Nfe4 29. Rf4 {[#]} (29. Bxe4 $17 {is a better defense.} Rxe4 30. c3) 29... Nd2 $2 (29... Ng5 $1 $19 {[%cal Rg5h3] Threatens to win with ...Nh3+.} 30. Bxf5 Nxf5 31. Nxf5 Re2) 30. Rd1 $15 N2e4 $2 (30... N2c4 $15 31. Bxc4 Nxc4 32. Nxc4 dxc4) 31. Rdf1 $1 $19 {[#]} Nd2 $2 ({Better is} 31... Ng5 $1 $19 {[%cal Rg5h3] ...Nh3+ is the strong threat.} 32. Bxf5 Nxf5 33. Nxf5 Re2) 32. Rd1 $1 $15 {[%cal Rd1d2]} N2e4 $2 (32... N2c4 $15 33. Bxc4 Nxc4 34. Nxc4 dxc4) 33. Rdf1 $1 {Precision: White = 48%, Black = 59%.} 1/2-1/2

[Event "10th LCC FIDE Open 2018"]
[Site "London"]
[Date "2018.12.15"]
[Round "8"]
[White "Yuffa, Daniil"]
[Black "Moussard, Jules"]
[Result "1/2-1/2"]
[WhiteElo "2572"]
[BlackElo "2591"]
[Annotator "TA"]
[PlyCount "66"]
[EventDate "2018.12.09"]
[EventType "swiss"]
[EventCountry "ENG"]
[SourceTitle "playchess.com"]
[Source "ChessBase"]
[SourceQuality "1"]

{[%evp 12,66,37,50,65,59,60,61,60,64,111,-5,56,63,64,66,77,77,93,61,80,90,81,74,69,48,45,50,50,36,57,57,64,6,7,0,8,0,0,0,0,0,18,17,23,17,19,8,34,0,0,0,35,0,0,0,35]} 1. d4 d6 2. Nf3 Nf6 3. c4 g6 4. Nc3 Bf5 5. h3 Ne4 6. Nxe4 {E61: King's Indian: Early deviations for White, including Smyslov System} Bxe4 7. Ng5 {LiveBook: 21 Games} Bc6 (7... Bf5 8. e4 Bd7 9. Be3 Bg7 10. Qd2 e5 11. Nf3 Nc6 12. d5 Ne7 13. g4 {1-0 (58) Eljanov,P (2706)-Moussard,J (2559) Biel 2018}) 8. d5 {White is slightly better.} Bd7 9. Qd4 f6 10. h4 $1 Bg7 {[#]} 11. Nh3 $146 (11. h5 $1 $16) ({Predecessor:} 11. h5 c5 12. Qc3 h6 13. Ne6 Bxe6 14. dxe6 {1-0 (57) Miladinovic,L (2083)-Suc,T (2137) Senta 2013}) 11... e5 ({Black should play} 11... c6 $11) 12. dxe6 $1 $14 Bxe6 13. Nf4 Bf5 14. g4 Bd7 15. Qe3+ Qe7 16. Qxe7+ Kxe7 17. Nd5+ Kd8 18. g5 f5 19. h5 Bc6 20. Rh4 Bxd5 21. cxd5 Nd7 22. h6 ({Better is} 22. Bd2 $14) 22... Be5 $11 23. Bg2 Re8 24. Kf1 Nc5 25. Rb1 a5 26. b3 Ra6 27. Bd2 b5 28. Bf3 Rf8 29. Kg2 Kd7 30. Rhh1 Rb8 31. Rh4 Rf8 32. Rhh1 Rb8 33. Rh4 Rf8 {Accuracy: White = 49%, Black = 66%.} 1/2-1/2